Reseña del Museo Antropológico del Doctor Velasco (Record no. 162722)

MARC details
000 -LEADER
campo de control de longitud fija 00890nam a2200193 i 4500
001 - NÚMERO DE CONTROL
campo de control 162722
003 - IDENTIFICADOR DE NÚMERO DE CONTROL
campo de control ES-MaACL
005 - FECHA Y HORA DE LA ÚLTIMA TRANSACCIÓN
campo de control 20230906212603.0
008 - DATOS DE LONGITUD FIJA--INFORMACIÓN GENERAL
campo de control de longitud fija 000119s1875 sp |||| | spa d
100 1# - ENTRADA PRINCIPAL--NOMBRE DE PERSONA
Nombre de persona Pulido, Ángel,
Fechas asociadas al nombre 1852-1932
9 (RLIN) 149324
245 10 - MENCIÓN DEL TÍTULO
Título Reseña del Museo Antropológico del Doctor Velasco
Resto del título : (sito en el Paseo de Atocha de esta capital) /
Mención de responsabilidad, etc. por el Dr. Á. Pulido.
260 ## - PUBLICACIÓN, DISTRIBUCIÓN, ETC.
Lugar de publicación, distribución, etc. Madrid :
Nombre del editor, distribuidor, etc. [s.n.],
Fecha de publicación, distribución, etc. 1875 (
Fabricante Imp., Fundición y Estereotipia de Juan Aguado)
300 ## - DESCRIPCIÓN FÍSICA
Extensión 56 p. ;
Dimensiones 15 cm.
530 ## - NOTA DISPONIBLE DE FORMULARIO FÍSICO ADICIONAL
Nota de formato físico adicional disponible Disponible en formato digital.
610 24 - PUNTO DE ACCESO ADICIONAL DE MATERIA--NOMBRE DE ENTIDAD CORPORATIVA
Nombre de entidad corporativa o nombre de jurisdicción como elemento de entrada Museo Nacional de Antropología (España)
9 (RLIN) 161989
852 ## - LOCALIZACIÓN
Ubicación ES-MaACL
Número de control de estantería T-409-F-4
Nota libre - Enc. hol., falto de cub. original
-- . - Sello de los Escolares Médicos
-- - Enc. en un vol. facticio
856 ## - LOCALIZACIÓN Y ACCESO ELECTRÓNICOS
Identificador Uniforme de Recursos <a href="http://bdh-rd.bne.es/viewer.vm?id=0000203371&page=1 ">http://bdh-rd.bne.es/viewer.vm?id=0000203371&page=1 </a>
Nota pública Biblioteca Digital Hispánica
Holdings
Estatus retirado Estado de pérdida Estado de daño No para préstamo Colección Biblioteca de origen Biblioteca actual Ubicación en estantería Fecha de adquisición Total de préstamos Signatura topográfica completa Código de barras Visto por última vez Precio de reemplazo Tipo de ítem Koha
        Colección de folletos Biblioteca del Ateneo de Madrid Biblioteca del Ateneo de Madrid Depósito folletos 17/01/2008   T-409-F-4 1170480 23/02/2023 23/02/2023 Folleto